KOHA-Header-6

Internet Marketing Intelligence research tools techniques and resource (Record no. 9423)

000 -LEADER
fixed length control field 00313nam a2200109Ia 4500
100 ## - MAIN ENTRY--AUTHOR NAME
Personal name Edward forrest
245 #0 - TITLE STATEMENT
Title Internet Marketing Intelligence research tools techniques and resource
260 ## - PUBLICATION, DISTRIBUTION, ETC. (IMPRINT)
Place of publication New Jersey
Name of publisher Prentice Hall
Year of publication 1999
300 ## - PHYSICAL DESCRIPTION
Number of Pages 318
942 ## - ADDED ENTRY ELEMENTS (KOHA)
Koha item type Books
Holdings
Withdrawn status Lost status Collection code Permanent Location Current Location Shelving location Date acquired Full call number Accession Number Koha item type
    Marketing MAJU MAJU   2019-09-14 364.16 5158 Marketing

Powered by Koha